| 000 | 00000nam##2200000za#4500 |
| 001 | 9.697319 |
| 003 | CaOODSP |
| 005 | 20210624235428 |
| 007 | cr ||||||||||| |
| 008 | 150407|2007||||xxc|||||o f|0| 0 eng|d |
| 040 | |aCaOODSP|beng |
| 043 | |an-cn--- |
| 086 | 1 |aPS64-107/2007E-PDF |
| 110 | 1 |aCanada.|bCriminal Intelligence Service Canada. |
| 245 | 10|aStrategic early warning for criminal intelligence : |h[electronic resource]|btheoretical framework and sentinel methodology |
| 260 | |aOttawa - Ontario : |bCriminal Intelligence Service Canada |cc2007. |
| 300 | |a25p.|bfigs., references, tables |
| 590 | |a13-03-Supp|b2013-02-11 |
| 690 | 07|aSecurity intelligence|2gcpds |
| 690 | 07|aCrime prevention|2gcpds |
| 775 | 08|tAlerte stratégique précoce aux fins de renseignement criminelle : |w(CaOODSP)9.641379 |
| 856 | 40|ahttp://publications.gc.ca|qPDF|s618 KB|uhttps://publications.gc.ca/collections/collection_2013/sp-ps/PS64-107-2007-eng.pdf |